004660000a2200157000450024500720000065000280007265000180010065000160011865300450013404100130017970000210019270000190021370000210023210000150025377300400026810aBlood coagulation of the west Indian manatee ()14aMamíferos acuáticos14aHematología14aVeterinaria gTrichechuseTrichechus manatusvmanatí0 aInglés1 aBonde, Robert K.1 aDodds, W. Jean1 aMoynihan, Ann C.1 aMedway, W.1 tCornell Vet.3236h7q120-127d1982